| 000 | 01491nam a22002537a 4500 | ||
|---|---|---|---|
| 999 |
_c121221 _d121221 |
||
| 001 | K121221 | ||
| 008 | 160218b xxu||||| |||| 00| 0 eng d | ||
| 041 | _aeng | ||
| 110 | _aMinistry of Housing, Communities and Local Government | ||
| 245 | _aAdvice for building owners of multi-storey multi-occupied residential buildings | ||
| 260 |
_aLondon _bMHCLG _c2020 |
||
| 520 | _aProvides advice on the measures building owners of multi-story, multi-occupied residential buildings should take to ensure their buildings are safe. Looks at reviewing the safety of External Wall Systems, Aluminium Composite Material Panels, High Pressure Laminate Panels, Spandrel Panels, Balconies and External Wall Insultation systems with a render or brick-slip finish. Considers smoke control systems, fire doors, short-germ interim measures. Annex A looks a assessment of fire doors. Consolidates previous MHCLG advice notes. | ||
| 650 | _aExternal Wall Systems | ||
| 650 | _aCladding | ||
| 650 | _aAluminium Composite Material Panels | ||
| 650 | _aHigh Pressure Laminate Panels | ||
| 650 | _aBalconies | ||
| 650 | _aSmote Control | ||
| 650 | _aFire doors | ||
| 651 | _aUnited Kingdom 1973 | ||
| 690 |
_96244 _aHealth and safety |
||
| 856 |
_uhttps://assets.publishing.service.gov.uk/government/uploads/system/uploads/attachment_data/file/869532/Building_safety_advice_for_building_owners_including_fire_doors_January_2020.pdf _yView at assets.publishing.service.gov.uk _z. |
||
| 942 | _n0 | ||